000 00859nam a2200229 a 4500
001 71568
003 BD-RjUL
005 20211209082130.0
008 170506s1977 bg ||||| |||| 001 0 ben d
020 _c: Tk. 15.00
035 _a(BD-RjUL)71784
040 _aBD-RjUL
_bben
_cBD-RjUL
041 _aben
082 _223
_a071.35492
_bRAB 1977
100 1 _aরহমান, আতোয়ার
_9211773
245 1 0 _aবাংলাদেশের শিশুপত্রিকা :
_bবৃটিশ যুগ /
_cআতোয়ার রহমান
260 _aঢাকা :
_bবাংলা একাডেমী,
_c১৯৭৭
300 _a১৬০ পৃ. ;
_c২১ সেমি.
650 _aশিশুপত্রিকা
_zবাংলাদেশ
_9211774
650 _aChildren's periodicals
_zBangladesh
_9211775
942 _2ddc
_cBK
999 _c71568
_d71568